Quản lý công tác xã hội hoá giáo dục ở các trường THCS thành phố Cao Lãnh, tỉnh Đồng Tháp Luận văn thạc sĩ khoa học giáo dục. Chuyên ngành: Quản lý giáo dục. Mã số: 8.14.01.14

Сохранить в:
Библиографические подробности
Главный автор: Chiêm, Ích Hiệp
Другие авторы: Phạm, Minh Giản (Hướng dẫn)
Формат: Набор
Язык:Vietnamese
Опубликовано: Đồng Tháp Đại học Đồng Tháp 2019
Предметы:
Метки: Добавить метку
Нет меток, Требуется 1-ая метка записи!
Thư viện lưu trữ: Trung tâm Học liệu Lê Vũ Hùng, Trường Đại học Đồng Tháp
LEADER 01199ppm a22002658a 4500
001 00044592
005 20190820080801.0
008 170628s2017 ||||||viesd
041 0 # |a vie 
082 1 4 |b QU105L  |a 373.11 
100 1 # |a Chiêm, Ích Hiệp 
245 0 0 |b Luận văn thạc sĩ khoa học giáo dục. Chuyên ngành: Quản lý giáo dục. Mã số: 8.14.01.14  |c Chiêm Ích Hiệp; Phạm Minh Giản (hướng dẫn)  |a Quản lý công tác xã hội hoá giáo dục ở các trường THCS thành phố Cao Lãnh, tỉnh Đồng Tháp 
260 # # |a Đồng Tháp  |b Đại học Đồng Tháp  |c 2019 
300 # # |a 131 tr. +phụ lục  |c 30cm. 
500 # # |a ĐTTS ghi: Bộ giáo dục và đào tạo. Trường Đại học Đồng Tháp 
653 # # |a Giáo dục 
653 # # |a Đồng Tháp 
653 # # |a Xã hôi 5hoa1 
653 # # |a Luận văn 
653 # # |a Quản lý giáo dục 
653 # # |a THCS 
700 1 # |a Phạm, Minh Giản  |e Hướng dẫn 
852 # # |j LV.0002294  |j LV.0002295 
910 # # |d 20/8/2019 
980 # # |a Trung tâm Học liệu Lê Vũ Hùng, Trường Đại học Đồng Tháp